Diccionario de literatura universal /

Đã lưu trong:
Chi tiết về thư mục
Tác giả chính: Bustos Tovar, José de Jesús (coordinación)
Định dạng: Sách
Ngôn ngữ:Tiếng Tây Ban Nha
Được phát hành: Madrid, España : Anaya, 1985, c1985
Những chủ đề:
Các nhãn: Thêm thẻ
Không có thẻ, Là người đầu tiên thẻ bản ghi này!

MARC

LEADER 00000nam^a2200000^a^4500
001 000414721
005 20250521000000.0
009 20260310122238.419
020 |a 84-7525-369-9 
037 |a Acervo Xavier Clavigero 
041 |a ESP 
082 |a 803.  |b BUS 
100 |a Bustos Tovar, José de Jesús  |e (coordinación) 
245 1 0 |a Diccionario de literatura universal /  |c Coord. de J.J. Bustos Tovar. 
264 4 |a Madrid, España :  |b Anaya,  |c 1985, c1985 
300 |a XI, 657 p. 
336 |a texto  |b txt  |2 rdacontenido 
337 |a sin mediación  |b n  |2 rdamedio 
338 |a volumen  |b nc  |2 rdasoporte 
649 |a XX 
650 |a Literatura -  |x Enciclopedias y Diccionarios -  |x Tema Principal 
650 |a Enciclopedias y Diccionarios 
910 |a Fondo Víctor Raúl Durana Valerio S.J. 
920 |a Impresos - Libros 
930 |a Fondos Especiales 
940 |a Literatura 
905 |a 116 
901 |a 0500324588  |b IT2  |c ESP  |i D3914  |u 20250521 
902 |a https://opac.biblio.iteso.mx/vufind/Record/000414721